000 00876nam a2200265 a 4500
001 BRL_405
005 20190320210727.0
008 070813s1956----mx-a######---#000-0#spa-#
041 _aspa
044 _amx
050 4 _aQE203.M4
_b.M66 1956
100 1 _aMooser, Federico
_923809
245 1 0 _aLa cuenca de México
_bConsideraciones Geológicas y Arqueológicas
_cFederico Mooser, Sidney E. White, José L. Lorenzo
260 _aMéxico
_bInstituto Nacional de Antropología e Historia
_c1956
300 _a51 p.
_bil.
_c23 cm.
440 0 _aDirección de prehistoria
_pPublicaciones
_v2
_923810
500 _aAu430
504 _aBibliografía: p. 47-51
650 1 4 _aGeología
_zValle de México
_923811
650 1 4 _aArqueología
_zValle de México
_923812
700 1 _aE. White, Sidney
_923813
700 1 _aL. Lorenzo, José
_923814
902 _aGRL
942 _2lcc
_cB
999 _c9218
_d9218